| 000 | 00385cam a2200157ua 4500 | ||
|---|---|---|---|
| 041 |
_aeng _h |
||
| 082 |
_a828.09 _bONI/SH |
||
| 100 | _aOnions, C.T . | ||
| 245 |
_aShakespeare Glossary / _cC.T.Onions. _hTextual Documents |
||
| 250 |
_a2 / _b. |
||
| 260 |
_aLondon : _bOxford at the Clarendon Press , _c1963. |
||
| 300 | _a264 ; . | ||
| 504 | _a | ||
| 942 | _cBK | ||
| 999 |
_c835 _d835 |
||